| 000 | 00757nam a2200241Ia 4500 | ||
|---|---|---|---|
| 003 | OSt | ||
| 005 | 20220925222752.0 | ||
| 006 | a|||||r|||| 00| 0 | ||
| 007 | ta | ||
| 008 | 220923b |||||||| |||| 00| 0 eng d | ||
| 037 | _cGeneral Book | ||
| 040 |
_aRTL _cRTL _beng |
||
| 041 |
_2eng _aeng |
||
| 082 | _aX724:6.30m73.N6, K9 | ||
| 100 | _aBrown C V | ||
| 245 | 0 | _aPersonal taxation incentives and tax reform | |
| 260 |
_aLondon _bPolitical and Economic Planning Publication UK _c1969 |
||
| 300 |
_aiv, 118p. Appendix at the end of few chapters and p. 97-115 _ccm. |
||
| 650 | _aIncome Tax | ||
| 700 |
_a Dawson D A _9288264 |
||
| 942 |
_hX724:6.30m73.N6, K9 _cGB _2CC |
||
| 999 |
_c577723 _d577723 |
||